|
|
|
|
| LEADER |
01566nam a2200313 u 4500 |
| 001 |
10023308 |
| 003 |
upatras |
| 005 |
20210117205748.0 |
| 008 |
990123s1998 us eng |
| 020 |
|
|
|a 0805826971
|
| 040 |
|
|
|a GR-PaULI
|c GR-PaULI
|
| 041 |
0 |
|
|a eng
|
| 082 |
0 |
4 |
|a 658.403
|
| 082 |
0 |
4 |
|a 658.409 2
|
| 100 |
1 |
|
|a Bass, Bernard M.
|9 149227
|
| 245 |
1 |
0 |
|a Transformational leadership
|b industrial, military, and educational impact
|c Bernard M. Bass
|
| 260 |
|
|
|a Mahwah, N.J.
|b Lawrence Erlbaum Associates
|c 1998
|
| 300 |
|
|
|a ix, 208 p.
|b fig.
|c 24 cm.
|
| 504 |
|
|
|a Includes bibliographical references and indexes
|
| 650 |
|
4 |
|9 952
|a Αποφάσεις, Λήψη των
|
| 852 |
|
|
|a GR-PaULI
|b ΠΑΤΡΑ
|b ΒΚΠ
|b ΒΣ1
|k ΑΣΧΞ
|h 658.403 B
|m 045662
|p 025000059000
|t 1
|
| 852 |
|
|
|a GR-PaULI
|b ΠΑΤΡΑ
|b ΠΤΔΕ
|k ΑΣΧΞ
|h 658.409 2 BAS
|m 6138α
|p 025000059003
|t 2
|
| 852 |
|
|
|a GR-PaULI
|b ΠΑΤΡΑ
|b ΠΤΔΕ
|k ΑΣΧΞ
|h 658.409 2 BAS
|m 6138β
|p 025000035427
|t 3
|
| 942 |
|
|
|2 ddc
|c BK15
|
| 952 |
|
|
|0 0
|1 0
|4 0
|6 658_403000000000000_B
|7 0
|9 189832
|a LISP
|b LISP
|c BSC
|d 2016-04-24
|i 045662
|l 1
|o 658.403 B
|p 025000059000
|r 2016-10-24 00:00:00
|s 2016-10-19
|t 1
|w 2016-04-24
|y BK15
|
| 952 |
|
|
|0 0
|1 0
|4 0
|6 658_409000000000000_2_BAS
|7 0
|9 189833
|a PTDE
|b PTDE
|d 2016-04-24
|i 6138α
|l 0
|o 658.409 2 BAS
|p 025000059003
|r 2016-04-24 00:00:00
|t 2
|w 2016-04-24
|y BK15
|
| 952 |
|
|
|0 0
|1 0
|4 0
|6 658_409000000000000_2_BAS
|7 0
|9 189834
|a PTDE
|b PTDE
|d 2016-04-24
|i 6138β
|l 0
|o 658.409 2 BAS
|p 025000035427
|r 2016-04-24 00:00:00
|t 3
|w 2016-04-24
|y BK15
|
| 998 |
|
|
|c ΠΑΝΑΓΟΠΟΥΛΟΥ
|d 1999-07
|
| 999 |
|
|
|c 116925
|d 116925
|